Globalización y una nueva gobernabilidad /
Bewaard in:
| Hoofdauteur: | |
|---|---|
| Formaat: | Texto |
| Onderwerpen: | |
| Tags: |
Voeg label toe
Geen labels, Wees de eerste die dit record labelt!
|
MARC
| LEADER | 00000 a a2200000 04500 | ||
|---|---|---|---|
| 001 | 4188 | ||
| 003 | |||
| 040 | |||
| 090 | |a REV0229 (114) 2000 | ||
| 100 | |a Guzmán, Gilberto | ||
| 245 | |a Globalización y una nueva gobernabilidad / |c Gilberto Guzmán | ||
| 650 | |a LIBERALIZACION DEL INTERCAMBIO | ||
| 650 | |a GLOBALIZACION | ||
| 650 | |a GOBERNABILIDAD | ||
| 773 | |g número 114; páginas 24-30 | ||
| 999 | |c 31989 |d 31989 | ||
